000 00240nam a2200097Ia 4500
001 683234
005 20250826161434.0
008 250824s9999 xx 000 0 und d
245 0 _aBEŞ RAHMET KAPISI
_cUĞUR KOŞAR
260 _bDESTEK YAYINLARI
999 _c683234
_d683234